000 00535nam a2200181 a 4500
005 20140412111228.0
008 020417s19uu xx 00 eng d
020 _a971-08-3741-9
050 _aTR(PS E
_bMu97 1981
100 _aRaabe, Janis Asad
245 _aMush! mush! /
_cby Janis Asad Raabe; illustrated by Elaine Long.
260 _aPhilippines :
_bNational Book Store, Inc,
_c1981.
300 _a8 p. ; ill.
440 _aPrimary Readers Set 4, Diagraphs
650 _aDiagraph (sh)
650 _aReading
999 _c102109
_d102109